Vállalati pénzügyek I/1. fejezet

Elmentve itt :
Bibliográfiai részletek
Szerző: Kosztopulosz Andreász
Dokumentumtípus: Vegyes gyűjtemény
Megjelent: 2020-01
Kulcsszavak:pénzügy
vállalati
tőke
Tárgyszavak:
Online Access:http://eta.bibl.u-szeged.hu/2568
LEADER 01728noc a2200277 i 4500
001 eta2568
005 20260305142208.0
008 200323s2020 hu o 000 hun d
040 |a SZTE Elektronikus Tananyag Archívum  |b hun 
041 |a hun 
100 1 |a Kosztopulosz Andreász 
245 1 0 |a Vállalati pénzügyek I/1. fejezet  |h [elektronikus dokumentum] /  |c  Kosztopulosz Andreász 
246 1 0 |a Corporate finance I. 1.  |h [elektronikus dokumentum] 
260 |c 2020-01 
650 4 |a Társadalomtudományok 
650 4 |a Közgazdasági és gazdálkodástudományok 
650 4 |a Gazdálkodás és menedzsment 
695 |a pénzügy 
695 |a vállalati 
695 |a tőke 
856 4 0 |u https://eta.bibl.u-szeged.hu/2568/1/1_2%20olvas%C3%B3lecke%20A%20v%C3%A1llalkoz%C3%A1s%20vagyona%2C%20az%20anyagi%20%C3%A9s%20nem%20anyagi%20term%C3%A9szet%C5%B1%20vagyonelemek%20bemutat%C3%A1sa%20%C3%A9s%20csoportos%C3%ADt%C3%A1sa.pdf  |z Dokumentum-elérés  
856 4 0 |u https://eta.bibl.u-szeged.hu/2568/2/1_3%20olvas%C3%B3lecke%20A%20t%C5%91ke%20fogalma%20%C3%A9s%20szerkezete%2C%20a%20t%C5%91keelemek%20csoportos%C3%ADt%C3%A1sa_T%C5%91ke%C3%A1tt%C3%A9tel%20%C3%A9s%20nett%C3%B3%20forg%C3%B3t%C5%91ke.pdf  |z Dokumentum-elérés  
856 4 0 |u https://eta.bibl.u-szeged.hu/2568/3/1_1%20Mivel%20foglalkozunk%20a%20v%C3%A1llalati%20p%C3%A9nz%C3%BCgyek%20keret%C3%A9ben.ppt  |z Dokumentum-elérés  
856 4 0 |u https://eta.bibl.u-szeged.hu/2568/4/1_1%20videolecke%20Mivel%20foglalkozunk%20a%20v%C3%A1llalati%20p%C3%A9nz%C3%BCgyek%20keret%C3%A9ben.mp4  |z Dokumentum-elérés  
856 4 0 |u https://eta.bibl.u-szeged.hu/2568/15/felirat.vtt  |z Dokumentum-elérés  
856 4 0 |u https://eta.bibl.u-szeged.hu/2568/16/felirat.html  |z Dokumentum-elérés